[Event "Lugano Paradiso op 19th"]
[Site "Lugano"]
[Date "2022.05.07"]
[Round "2"]
[White "Cocconcelli, Lorenzo"]
[Black "Wicht, Denis"]
[Result "1-0"]
[WhiteElo "2139"]
[BlackElo "1441"]
[PlyCount "51"]
[EventDate "2022.05.06"]
[EventType "swiss"]
[EventRounds "5"]
[EventCountry "SUI"]
[SourceTitle "CBM 208 Extra"]
[Source "ChessBase"]
[SourceDate "2022.07.31"]
[SourceVersion "1"]
[SourceVersionDate "2022.07.31"]
[SourceQuality "1"]

1. d4 d5 2. c4 Nf6 3. cxd5 Nxd5 4. e4 Nf6 5. Nc3 g6 6. Nf3 Bg7 7. h3 0-0 8. Bc4 e6 9. 0-0 h6 10. Be3 Bd7 11. Qd2 Kh7 12. Rfd1 Bc6 13. d5 exd5 14. exd5 Bd7 15. Bf4 Bf5 16. d6 Nc6 17. dxc7 Qxd2 18. Rxd2 Ne4 19. Nxe4 Bxe4 20. Bd6 Rh8 21. Bxf7 Bxf3 22. gxf3 Ne5 23. Bd5 Nc6 24. Rc1 Be5 25. Bxc6 Bxd6 26. Bxb7 1-0